[Event "Challenge"]
[Site "http://www.queenalice.com/game.php?id=717497"]
[Date "2010.1.21"]
[Round "-"]
[White "Elienay"]
[Black "Wettkampf"]
[Result "1-0"]
[WhiteElo "1462"]
[BlackElo "1421"]

1. b3 e6 2. g3 d5 3. Nc3 b6 4. f4 Bd6 5. d3 c5 6. e4 dxe4 7. dxe4 Bb7 8. Bg2 Qf6
9. Qxd6 Qxc3+ 10. Qd2 Qxa1 11. Ne2 Qxa2 12. O-O Nf6 13. Nc3 Qa5 14. Rd1 O-O 15.
e5 Bxg2 16. Qxg2 Nbd7 17. exf6 Nxf6 18. Ne2 Ng4 19. h3 Nf6 20. Bd2 Qa2 21. Qf1
Qxc2 22. b4 cxb4 23. Bxb4 Ne4 24. Bxf8 Kxf8 25. Nd4 1-0

[Event "Challenge"]
[Site "http://www.queenalice.com/game.php?id=723487"]
[Date "2010.1.31"]
[Round "-"]
[White "yak1403"]
[Black "Elienay"]
[Result "1-0"]
[WhiteElo "1524"]
[BlackElo "1505"]

1. e3 b6 2. h4 g6 3. Bc4 Bb7 4. f3 f6 5. a4 Nh6 6. b3 Bg7 7. d4 Nf5 8. Ne2 Bc6
9. d5 Bxd5 10. Bxd5 c6 11. Be4 Na6 12. Bxf5 gxf5 13. f4 Qc7 14. Na3 O-O-O 15.
Bb2 Rhg8 16. g3 d5 17. Nd4 Rd6 18. h5 Qd7 19. c3 Nc5 20. h6 Bxh6 21. Rxh6 Rxg3
22. Kf2 Rg7 23. Qc2 Ne4+ 24. Kf1 Qe8 25. Qh2 Qg8 26. Nxf5 Kd7 27. Nxg7 Qxg7 28.
Rxh7 Qg4 29. Nc2 Ng3+ 30. Ke1 Qf3 31. Qf2 Qxf2+ 32. Kxf2 Ne4+ 33. Kf3 Nd2+ 34.
Ke2 Nxb3 35. Rd1 c5 36. c4 b5 37. axb5 Ke6 38. Rg1 dxc4 39. Bc3 Rd5 40. Rgg7
Nc1+ 41. Ke1 Nd3+ 42. Kf1 Nc1 43. e4 Rd1+ 44. Kf2 Nd3+ 45. Ke2 Rb1 46. Na3 Rb3
47. Nxc4 Nxf4+ 48. Kd2 Rxb5 49. Rxe7# 1-0

[Event "Challenge"]
[Site "http://www.queenalice.com/game.php?id=725486"]
[Date "2010.2.3"]
[Round "-"]
[White "babycrocket"]
[Black "Elienay"]
[Result "1-0"]
[WhiteElo "1782"]
[BlackElo "1424"]

1. e4 e6 2. d3 b6 3. Nf3 g6 4. c3 d5 5. Nbd2 f5 6. exf5 gxf5 7. Be2 Ba6 8. Nf1
Qd6 9. Ng3 Nd7 10. O-O O-O-O 11. Re1 Ndf6 12. Qa4 Kb7 13. Ng5 h6 14. Nf7 Qe7 15.
Nxh8 Qh7 16. d4 Qxh8 17. Bxa6+ 1-0

[Event "Desafio 2"]
[Site "http://www.queenalice.com/game.php?id=738200"]
[Date "2010.2.26"]
[Round "-"]
[White "Elienay"]
[Black "babycrocket"]
[Result "0-1"]
[WhiteElo "1464"]
[BlackElo "1890"]

1. b3 d5 2. Bb2 e6 3. e3 c5 4. Nf3 Nc6 5. Bb5 Ne7 6. d4 a6 7. Bxc6+ Nxc6 8. Nc3
Be7 9. Qe2 b5 10. a4 b4 11. Ne5 Nxe5 12. O-O-O bxc3 13. Bxc3 cxd4 14. exd4 Nd7
15. Qd2 a5 16. b4 axb4 17. Bxb4 Rxa4 18. Bxe7 Qxe7 19. Qc3 Qb4 20. Qxc8+ Ke7 21.
c3 Qa3+ 22. Kd2 Rxc8 23. Kd3 Qxc3+ 24. Ke2 Ra2+ 25. Kf1 Qc1 26. Ke1 Qxd1+ 27.
Kxd1 Ra1+ 28. Ke2 Rxh1 0-1

[Event "Challenge"]
[Site "http://www.queenalice.com/game.php?id=754966"]
[Date "2010.4.1"]
[Round "-"]
[White "Flashinho"]
[Black "Elienay"]
[Result "1-0"]
[WhiteElo "2022"]
[BlackElo "1498"]

1. d4 Nc6 2. d5 Ne5 3. f4 Nc4 4. e4 Nb6 5. c4 d6 6. Nf3 g6 7. Be2 Bg7 8. O-O e6
9. Nc3 exd5 10. exd5 Nf6 11. Nd4 O-O 12. Qc2 Nfxd5 13. Nxd5 Bxd4+ 14. Be3 Bxe3+
15. Nxe3 Re8 16. Rf3 d5 17. Rd1 d4 18. c5 Qf6 19. cxb6 dxe3 20. bxc7 Bg4 21. Rg3
Bxe2 22. Qxe2 Qxf4 23. Rd7 f5 24. Rf3 Qe4 25. Rd3 f4 26. g3 g5 27. Rd7 Kh8 28.
b3 Qe5 29. gxf4 gxf4 30. Qc2 Rg8+ 31. Rg3 Qa1+ 32. Kg2 Rxg3+ 33. hxg3 f3+ 34.
Kh2 Qg7 35. Rd8+ Qf8 36. Rxf8+ Rxf8 37. c8=Q Rxc8 38. Qxc8+ Kg7 39. Qxb7+ Kg6
40. Qxf3 1-0

[Event "Let's Play Chess!"]
[Site "http://www.queenalice.com/game.php?id=770354"]
[Date "2010.5.4"]
[Round "-"]
[White "Elienay"]
[Black "Racey"]
[Result "0-1"]
[WhiteElo "1466"]
[BlackElo "1433"]

1. e4 e5 2. Bc4 Nh6 3. Qh5 Qe7 4. d3 Qb4+ 5. Nc3 Nc6 6. Ne2 g6 7. Qf3 g5 8. O-O
a5 9. Nb5 g4 10. Nxc7+ Kd8 11. Nxa8 gxf3 12. gxf3 Rg8+ 13. Ng3 Nd4 14. b3 Nxc2
15. Rb1 Nd4 16. Kg2 b5 17. Bxh6 Bxh6 18. Bxf7 Rf8 19. Bd5 Qc3 20. a4 bxa4 21.
bxa4 Qxd3 22. Rfe1 Qxf3+ 23. Kh3 Qxf2 24. Rf1 Qc2 25. Rb8 Rxf1 26. Nxf1 Qxa4 27.
Nb6 Qa3+ 28. Kh4 Qe7+ 29. Kh5 Kc7 30. Rxc8+ Kxb6 31. Kxh6 a4 32. Nd2 a3 33. Nb1
Nf3 34. Rb8+ Kc7 35. Rb3 Nxh2 36. Nxa3 Ng4+ 37. Kh5 Nf6+ 38. Kh6 Qf8+ 39. Kg5
h6+ 40. Kf5 Qe7 0-1

[Event "Let's Play Chess!"]
[Site "http://www.queenalice.com/game.php?id=770356"]
[Date "2010.5.4"]
[Round "-"]
[White "Elienay"]
[Black "rootgauss"]
[Result "0-1"]
[WhiteElo "1509"]
[BlackElo "1434"]

1. e4 d5 2. Nc3 dxe4 3. Nxe4 Bf5 4. Bd3 Qd5 5. Nf3 Bxe4 6. Qe2 Bxd3 7. cxd3 e6
8. O-O g5 9. Re1 Ne7 10. Qe5 Qxe5 11. Rxe5 h6 12. b4 Nec6 13. Rb5 b6 14. Bb2 Rg8
15. Be5 g4 16. Nd4 Rg5 17. Nxc6 Nxc6 18. d4 a6 19. Rc1 axb5 20. Rxc6 Rxa2 21. g3
Rxd2 22. Rxc7 Bxb4 23. Rb7 Ba5 24. Bf4 Rd1+ 25. Kg2 Rg6 26. Rb8+ Ke7 27. Bc7
Rxd4 28. Bxb6 Bxb6 29. Rxb6 Rb4 30. Rb7+ Kf6 31. f3 Rb2+ 32. Kf1 Rg5 33. f4 Rc5
0-1

[Event "Let's Play Chess!"]
[Site "http://www.queenalice.com/game.php?id=770357"]
[Date "2010.5.4"]
[Round "-"]
[White "Elienay"]
[Black "rootgauss"]
[Result "1-0"]
[WhiteElo "1490"]
[BlackElo "1453"]

1. e4 e5 2. Bc4 Nf6 3. Nf3 Bd6 4. Ng5 Rf8 5. Nxf7 Rxf7 6. Bxf7+ Kxf7 7. d3 Be7
8. c3 d6 9. Qb3+ Kf8 10. O-O h6 11. Qc4 Nbd7 12. f4 Nb6 13. Qb3 a5 14. Be3 a4
15. Qc2 Ng4 16. Qe2 Nxe3 17. Qxe3 exf4 18. Qxf4+ Kg8 19. Nd2 Bg5 20. Qf7+ Kh7
21. Nf3 Bf6 22. Nd4 Qe7 23. Qxe7 Bxe7 24. Nf5 Bf6 25. Rf3 Be6 26. Raf1 Bxa2 27.
d4 Nc4 28. Rh3 Bg5 29. d5 Rf8 30. Ra1 Bb3 31. Nd4 Nxb2 32. Rf1 Be3+ 33. Rxe3 Bc4
34. Rxf8 1-0

[Event "Let's Play Chess!"]
[Site "http://www.queenalice.com/game.php?id=785841"]
[Date "2010.6.5"]
[Round "-"]
[White "Elienay"]
[Black "TIMM"]
[Result "0-1"]
[WhiteElo "1423"]
[BlackElo "1444"]

1. e4 d5 2. Nc3 dxe4 3. Nxe4 Nf6 4. Nxf6+ exf6 5. Bc4 Be6 6. Qe2 Be7 7. Bxe6
fxe6 8. Qxe6 Qd7 9. Qxd7+ Kxd7 10. Nf3 Nc6 11. d4 Nb4 12. O-O Nxc2 13. Rb1 c5
14. Be3 cxd4 15. Bxd4 Nxd4 16. Nxd4 Bc5 17. Nf5 g6 18. Ng7 Rhg8 19. Rbd1+ Bd6
20. Ne6 Kxe6 21. Rfe1+ Kd7 22. Re3 Rge8 23. Rde1 Rac8 24. g3 Rxe3 25. fxe3 Rc2
26. Rb1 Be5 27. Rd1+ Kc7 28. b4 Rxa2 29. Rf1 Rb2 30. Rc1+ Kb8 31. Rc4 Bd6 32.
Rd4 Bxb4 33. Rd8+ Kc7 34. Rh8 h5 35. Rh7+ Kb6 36. Kf1 a5 37. h3 a4 0-1

[Event "Let's Play Chess!"]
[Site "http://www.queenalice.com/game.php?id=785843"]
[Date "2010.6.8"]
[Round "-"]
[White "Elienay"]
[Black "BGNJoe"]
[Result "0-1"]
[WhiteElo "1506"]
[BlackElo "1706"]

1. e4 c5 2. Bc4 e6 3. Qh5 Nf6 4. Qf3 d5 5. Bb5+ Bd7 6. Bxd7+ Nbxd7 7. d3 Bd6 8.
Nc3 d4 9. Nb5 Qa5+ 10. b4 Qxb4+ 11. c3 Qxb5 12. c4 Qb4+ 13. Bd2 Qa3 14. e5 Nxe5
15. Qxb7 Rb8 16. Qxb8+ Bxb8 17. Nf3 Nxf3+ 18. gxf3 Qxd3 19. f4 Qe4+ 20. Be3
Qxh1+ 0-1

[Event "Let's Play Chess!"]
[Site "http://www.queenalice.com/game.php?id=785844"]
[Date "2010.6.9"]
[Round "-"]
[White "Elienay"]
[Black "Dunelm"]
[Result "0-1"]
[WhiteElo "1423"]
[BlackElo "1536"]

1. e4 e6 2. Nc3 d5 3. e5 c5 4. Nf3 Nc6 5. Bb5 Bd7 6. d3 a6 7. Bxc6 Bxc6 8. Ng5
c4 9. dxc4 dxc4 10. Nge4 Qxd1+ 11. Kxd1 Bxe4 12. Nxe4 Rd8+ 13. Bd2 h6 14. Ke2
Rd5 15. Bf4 Bc5 16. Rhd1 Rd4 17. Nxc5 Rxf4 18. Nxb7 Re4+ 19. Kf1 Rxe5 20. Nd6+
Ke7 21. Nxc4 Rc5 22. b3 Nf6 23. Rd6 Ra8 24. Rad1 Nd5 25. a3 Nf4 26. Rd7+ Ke8 27.
g3 Nd5 28. Rd6 Ke7 29. f4 g5 30. fxg5 hxg5 31. h4 gxh4 32. gxh4 Rh8 33. Rxa6
Rxh4 0-1

[Event "Let's Play Chess!"]
[Site "http://www.queenalice.com/game.php?id=793322"]
[Date "2010.6.22"]
[Round "-"]
[White "mark1504"]
[Black "Elienay"]
[Result "1-0"]
[WhiteElo "1388"]
[BlackElo "1506"]

1. c4 Nf6 2. d4 Ne4 3. Nh3 g6 4. f3 Nd6 5. c5 Nc4 6. Bf4 Nxb2 7. Qb3 Bg7 8. Qxb2
Nc6 9. Be3 e5 10. d5 Ne7 11. Bg5 f6 12. Be3 Nxd5 13. Bf2 Qe7 14. e4 Nf4 15. Nxf4
exf4 16. Bc4 1-0

[Event "Let's Play Chess!"]
[Site "http://www.queenalice.com/game.php?id=793325"]
[Date "2010.6.22"]
[Round "-"]
[White "Elienay"]
[Black "mark1504"]
[Result "0-1"]
[WhiteElo "1485"]
[BlackElo "1409"]

1. e4 e5 2. c3 Nc6 3. d4 Nf6 4. Qe2 d5 5. dxe5 Nxe5 6. Qb5+ c6 7. Qb3 Nxe4 8. c4
Nxf2 9. Kxf2 Qf6+ 10. Ke1 Qh4+ 11. g3 Qe4+ 12. Kf2 Qxh1 13. Qe3 Qxh2+ 14. Ke1 f6
15. Nh3 Bxh3 0-1